| 000 | 00429nam a2200193Ia 4500 | ||
|---|---|---|---|
| 008 | 240509s9999 xx 000 0 und d | ||
| 020 | _a9789555517393 | ||
| 041 | _aEng | ||
| 082 | _a590 | ||
| 082 | _bS15 | ||
| 100 | _aSAMARAKOON, G. V. | ||
| 245 | 0 | _aLost Trails in Yala-East | |
| 260 | _bColombo : Dayawansa Jayakody | ||
| 260 | _c2010 | ||
| 300 | _a168 p. | ||
| 650 | _aGeneral | ||
| 942 | _2ddc | ||
| 942 | _cLBK | ||
| 999 |
_c23257 _d23257 |
||
| 945 |
_a1 _bMadushi Gamage _c1 _dMadushi Gamage |
||